1867 1399 1373 1675 1066 1637 1196 1141 1874 1512 1228 1712 1659 1104 1750 1878 1348 1663 1263 1551 1754 1006 1911 1062 1811 1757 1845 1361 1962 1621 1441 1327 1774 1512 1327 1366 1250 1031 1521 1945 1668 1371 1169 1015 1198 1842 1134 1428 1158 1946 1002 1567 1685 1413 1691 1537 1058 1872 1640 1359 1524 1477 1370 1567 1845 1014 1824 1099 1178 1714 1871 1228 1158 1157 1987 1636 1717 1167 1017 1615 1247 1710 1210 1579 1323 1257 1543 1122 1585 1499 1796 1080 1247 1600 1983 1128 1845 1300 1648 BCNSPRNW ULIB Ver.6.0+V

เปลี่ยนเป็นภาษาไทย

Change to English
 แสดงรายละเอียดบรรณานุกรม
  กลับหน้าหลัก

Brief Record : Get Marc (ISO 2709) : E-mail record : QR code < ปิดหน้าต่าง
LEADER : 00000nam 2200000uu 4500
001    13399128215
003     ULIB
008    020711s2021 th a 000 0 eng d
020    ^a9780702079818
060    ^aWY101^bS443W
100    ^aSebastian Probst
245    ^aWound Care Nursing: A person-centred approach/^cSebastian Probst
250    ^a3rd ed
260    ^aPhiladelphia :^bElsevier,^c2021
300    178 pages;^c26 cm
650    ^aNursing Care
945    ^p0^l0^i009319
999    ^aประนอม เกษจรัล
รายการนี้ยังไม่มีแท็ก
คุณยังไม่ได้ล็อกอิน คุณสามารถมีกิจกรรมร่วมกับเว็บไซต์ได้ แต่ต้องล็อกอินก่อน ::
  ล็อกอิน

รายการสื่อสารสนเทศ

ลำดับที่ ประเภท เลขเรียก/บาร์โค้ด สถานที่ สถานะ
1. Book การพยาบาล
หนังสือสำรอง
สถานะ=หนังสือสำรอง
WY101 S443W ฉ.1 
  Barcode: 009319
ห้องสมุดวิทยาเขตสวรรค์ประชารักษ์
►หนังสือทั่วไป
บนชั้น

รายการใกล้เคียง
    หัวเรื่อง [Nursing Care]

BibComment


ยังไม่เคยถูกคอมเมนท์

คอมเมนท์ทรัพยากรรายการนี้
  คอมเมนท์: Wound Care Nursi..


 Copyright 2026. Bcnsprnw @Library